00557nam a2200193Ia 450000500170000000800410001704000190005804100120007708200200008910000260010924500750013526000240021030000120023450400190024665000190026565100490028470000200033385000100035320221212150130.0131103s9999 xx 000 0 und d aLoreto College aEnglish a821.91bYEA-MAC aYeats, William Butter 4aThe poetry of W. B. YeatscLouis MacNeice; foreword by Richard Ellmann aLondonbFaberc1967 a207 p.  aIncludes index aEnglish Poetry aYeats, William Butter - Poetry and Criticism aMacNeice, Louis aLCLIB